00839nam a2200289 u 450000100070000000500170000700800410002403500110006504000130007604100080008908000070009710000430010424500380014726000230018530000140020865000330022265000220025565000210027765000390029865000170033765000440035470000430039870000440044170000440048550200120052952600080054119545620260506080202.0980604s1993 ||||||m| spa  a195456 ccomduadb aspa aWV10aLemos Madrid, Claudia Janeth4auteaut10aSistema de evaluacion audiologica aMedellín,c1993. a246 hojas aPérdida auditiva por ruido aRuido ocupacional aEfectos adversos aSistemas de información en salud aEvaluación 7aExposición a riesgos ambientales2dcs10aMuriel Ortiz, Yudy Elizabeth4auteaut10aValencia Espinosa, Olga Elena4auteaut10aMarin Echeverri, Alfonso Heli4thseths b280c20 a282